| 000 | 00526nam a2200217Ia 4500 | ||
|---|---|---|---|
| 008 | 160319s9999 xx 000 0 und d | ||
| 245 | _aLittle Red Riding Hood / | ||
| 260 | _bParragon. | ||
| 260 | _c2000 | ||
| 300 | _bsound, colored ; | ||
| 300 | _c4 3/4 in. | ||
| 440 | _aFavourite Tales. | ||
| 650 | _aFairy tales -- | ||
| 650 | _aFolklore -- | ||
| 650 | _aGirls -- | ||
| 650 | _aWolves -- | ||
| 650 | _xGermany. | ||
| 650 | _xJuvenile drama. | ||
| 650 | _xJuvenile drama. | ||
| 650 | _xJuvenile drama. | ||
| 999 |
_c292704 _d292704 |
||